Obvious Answers Quiz - Statistics

General Stats
  • This quiz has been taken 66 times
  • The average score is 10 of 15
Answer Stats
Question Answer % Correct
Who was the founder of Walt Disney Pictures? Walt Disney
100%
What do some people the land commonly known as Canada? Canada
88%
What website are you on right now? JetPunk
81%
What is my user name? DarthKnight
79%
How do you spell Kyrgyzstan? Kyrgyzstan
79%
Are you enjoying this quiz thus far? Yes
79%
What continent is Australia in? Australia
78%
How many questions does this quiz have? 15
76%
How many answers does the "Name All 196 Countries" quiz have? 196
76%
What did President Donald Trump run for in 2020? President
74%
What animal, named Jeppy, is the mascot for ^ website? Fish
69%
What colors are used to make Jeppy? Green | White | Blue
69%
Which Apple product has the logo on it somewhere? All of them
47%
How are each of these questions ending? With a question mark
26%
On what day was this quiz originally published? October 19th, 2024
10%
No matching quizzes found
Score Distribution
Percent of People with Each Score
Percentile by Number Answered
Your Score History
You have not taken this quiz